Spell the Marvel Hero #136 - Statistics

General Stats
  • This quiz has been taken 12 times
  • The average score is 11 of 16
Answer Stats
Picture Answer % Correct
Iron Fist
92%
Tigra
92%
Elektra
83%
Havok
83%
Black Panther
75%
Elsa Bloodstone
75%
Yellowjacket
75%
Lionheart
67%
Nighthawk
67%
Red Wolf
67%
Werewolf by Night
58%
Whizzer
58%
Outlaw
50%
Gilgamesh
42%
White Fox
42%
Frenzy
33%
No matching quizzes found
Score Distribution
Percent of People with Each Score
Percentile by Number Answered
Your Score History
You have not taken this quiz